000
00296nam a22001337a 4500
008
170526b xxu||||| |||| 00| 0 eng d
020
_a
9780534552978
041
_a
eng
080
_2
2ND
_a
621
100
_a
27
101
_a
IM
245
_a
MECHANICAL ENGINEERING
_c
WICKERT,J
942
_2
udc
_c
BK
999
_c
14519
_d
14519